<?xml version="1.0" encoding="UTF-8"?>
<record
    xmlns:xsi="http://www.w3.org/2001/XMLSchema-instance"
    xsi:schemaLocation="http://www.loc.gov/MARC21/slim http://www.loc.gov/standards/marcxml/schema/MARC21slim.xsd"
    xmlns="http://www.loc.gov/MARC21/slim">

  <leader>02836nam a22002177a 4500</leader>
  <controlfield tag="008">250516b        |||||||| |||| 00| 0 eng d</controlfield>
  <datafield tag="020" ind1=" " ind2=" ">
    <subfield code="a">9788434432437</subfield>
  </datafield>
  <datafield tag="040" ind1=" " ind2=" ">
    <subfield code="c">tbs</subfield>
  </datafield>
  <datafield tag="041" ind1=" " ind2=" ">
    <subfield code="a">spa</subfield>
  </datafield>
  <datafield tag="100" ind1=" " ind2=" ">
    <subfield code="a">Grima, Clara</subfield>
    <subfield code="9">25246</subfield>
    <subfield code="e">author</subfield>
  </datafield>
  <datafield tag="245" ind1=" " ind2=" ">
    <subfield code="a">En busca del grafo perdido</subfield>
    <subfield code="b">: matem&#xE1;ticas con puntos y rayas</subfield>
    <subfield code="c">/ Clara Grima ; illustrations by Raquel Gu.</subfield>
  </datafield>
  <datafield tag="250" ind1=" " ind2=" ">
    <subfield code="a">Third edition.</subfield>
  </datafield>
  <datafield tag="260" ind1=" " ind2=" ">
    <subfield code="a">Barcelona : </subfield>
    <subfield code="b">Ariel, </subfield>
    <subfield code="c">2021.</subfield>
  </datafield>
  <datafield tag="300" ind1=" " ind2=" ">
    <subfield code="a">367 pages ;</subfield>
    <subfield code="b">illustrations (color) ;</subfield>
    <subfield code="c">23 cm.</subfield>
  </datafield>
  <datafield tag="504" ind1=" " ind2=" ">
    <subfield code="a">Includes bibliographical references (page 367).</subfield>
  </datafield>
  <datafield tag="520" ind1=" " ind2=" ">
    <subfield code="a">Esto es un libro sobre grafos. &#xBF;Qu&#xE9; son los grafos? A simple vista se podr&#xED;a pensar que son dibujos simples realizados a partir de puntos y rayas que se unen entre s&#xED;. Pero si nos acercamos un poco m&#xE1;s y los observamos con cari&#xF1;o y paciencia, descubriremos que son unos objetos matem&#xE1;ticos fascinantes, con un sinf&#xED;n de aplicaciones sorprendentes, que sirven para analizar las redes sociales, dise&#xF1;ar una liga de f&#xFA;tbol u organizar un banquete de boda. Y siempre de la forma m&#xE1;s eficiente y divertida.

Esta sorprendente obra nos revela, a trav&#xE9;s de ejemplos llamativos e inesperados, c&#xF3;mo estas herramientas, en apariencia muy sencillas, tienen un potencial impresionante para modelar y resolver de manera &#xF3;ptima situaciones o conflictos cotidianos. Para aprender sobre grafos solo hay que ser curioso y saber usar algo en lo que, de momento, no nos ganan los ordenadores: intuici&#xF3;n y sentido com&#xFA;n. Adem&#xE1;s, tampoco hace falta tener conocimientos matem&#xE1;ticos previos. Si sabes cu&#xE1;ndo un n&#xFA;mero es par, podr&#xE1;s llegar hasta el final de este libro y disfrutar como ni&#xF1;os de la teor&#xED;a de grafos.</subfield>
  </datafield>
  <datafield tag="520" ind1=" " ind2=" ">
    <subfield code="a">This is a book about graphs. What are graphs? At first glance, one might think they&#x2019;re just simple drawings made up of dots and lines connecting them. But if we take a closer look, with patience and curiosity, we&#x2019;ll discover that they are fascinating mathematical objects, with countless surprising applications&#x2014;from analyzing social networks to designing a football league or organizing a wedding banquet. And always in the most efficient and fun way.

This remarkable book reveals, through striking and unexpected examples, how these seemingly simple tools have incredible potential to model and optimally solve everyday situations and conflicts. To learn about graphs, all you need is curiosity and the ability to use something that, for now, computers can&#x2019;t quite beat us at: intuition and common sense. And the best part is, no prior mathematical knowledge is required. If you know when a number is even, you&#x2019;ll be able to make it to the end of this book and enjoy graph theory like a child at play.</subfield>
  </datafield>
  <datafield tag="650" ind1=" " ind2="0">
    <subfield code="a">Graph theory</subfield>
    <subfield code="x">Popular works</subfield>
    <subfield code="9">25247</subfield>
  </datafield>
  <datafield tag="700" ind1=" " ind2=" ">
    <subfield code="a">Gu, Raquel</subfield>
    <subfield code="d">1972-</subfield>
    <subfield code="9">25248</subfield>
    <subfield code="e">illustrator</subfield>
  </datafield>
  <datafield tag="942" ind1=" " ind2=" ">
    <subfield code="2">lcc</subfield>
  </datafield>
  <datafield tag="952" ind1=" " ind2=" ">
    <subfield code="0">0</subfield>
    <subfield code="1">0</subfield>
    <subfield code="2">lcc</subfield>
    <subfield code="4">0</subfield>
    <subfield code="7">0</subfield>
    <subfield code="a">TBS</subfield>
    <subfield code="b">TBS</subfield>
    <subfield code="d">2025-05-16</subfield>
    <subfield code="l">0</subfield>
    <subfield code="o">QA166 GRI</subfield>
    <subfield code="p">B05771</subfield>
    <subfield code="r">2025-05-16</subfield>
    <subfield code="t">1</subfield>
    <subfield code="w">2025-05-16</subfield>
    <subfield code="y">1</subfield>
  </datafield>
  <datafield tag="999" ind1=" " ind2=" ">
    <subfield code="c">4671</subfield>
    <subfield code="d">4671</subfield>
  </datafield>
</record>
